000 00409nam a2200145 i 4500
001 bg
100 1 _aJANKOWSKI, Karol
245 0 _aInformacja patentowa /
_cKarol Jankowski.
260 _aWarszawa,
_c1975.
040 _cBPK
041 _apol
942 _cKS
008 s pl f |000 0 pol
856 _uhttp://koha.tu.koszalin.pl/cgi-bin/koha/opac-detail.pl?biblionumber=606
_yKatalog online BPK
999 _c606
_d606